01012nam a22002897a 45000010005000000030006000050050017000110080041000280200018000690400029000870500008001161000020001242450068001442600038002123000054002504900015003045050008003195210020003275210020003476500025003676500032003927000035004249420015004599990015004749520116004899520117006059313FISKH20260116124832.0251210b cb ||||| |||| 00| 0 eng d a9780439847360 aFISKHbengcFISKHdFISKH aPZ7 aEvans , Lynette aMaster builders / cby Lynettes : Illustrated by Spike Wademan  aNew York : bScholastic , c2006. a24 pages : bcolor illustrations ;c15 X 19 cm .  aBrain Bank aU 8 a840 bLexile 8 aU bRaz-Plus  aHistoryvNon-fiction asocial studiesvNon-fiction aWademan , Spike eIllustrator  2ddccBKn0 c9313d9313 00102ddc40708NFICa002b002cSNSd2025-12-10l0oEVA PZ7p2025-5100r2025-12-10 09:47:00t1w2025-12-10yBK 00102ddc40708NFICa002b002cSNSd2026-01-16l0oEVA PZ7pFISSE01193r2026-01-16 12:48:23t2w2026-01-16yBK